[Event "Montcada op-B 26th"]
[Site "Montcada"]
[Date "2018.06.29"]
[Round "5"]
[White "Garcia Baez, Felipe"]
[Black "Torralba Brosa, Marc"]
[Result "0-1"]
[WhiteElo "1607"]
[BlackElo "1811"]
[PlyCount "34"]
[EventDate "2018.06.25"]
[EventType "swiss"]
[EventRounds "9"]
[EventCountry "ESP"]
[SourceTitle "EXT 2019"]
[Source "ChessBase"]
[SourceDate "2018.10.10"]
[SourceVersion "1"]
[SourceVersionDate "2018.10.10"]
[SourceQuality "1"]

1. d4 Nf6 2. c4 g6 3. Nc3 d5 4. e3 Bg7 5. Nf3 0-0 6. Qc2 c5 7. Bd2 Nc6 8. dxc5 Bf5 9. Bd3 Nb4 10. Bxf5 Nxc2+ 11. Bxc2 Rc8 12. b4 Ne4 13. Bxe4 dxe4 14. Nd4 Bxd4 15. exd4 Qxd4 16. Rd1 Qxc4 17. Ne2 Rfd8 0-1

[Event "Llinars del Valles op-A 12th"]
[Site "Llinars del Valles"]
[Date "2018.06.09"]
[Round "8"]
[White "Prats Safont, Sergi"]
[Black "Torralba Brosa, Marc"]
[Result "1-0"]
[WhiteElo "1939"]
[BlackElo "1811"]
[PlyCount "53"]
[EventDate "2018.04.14"]
[EventType "swiss"]
[EventRounds "8"]
[EventCountry "ESP"]
[SourceTitle "EXT 2019"]
[Source "ChessBase"]
[SourceDate "2018.10.10"]
[SourceVersion "1"]
[SourceVersionDate "2018.10.10"]
[SourceQuality "1"]

1. e4 c5 2. Nf3 Nc6 3. d4 cxd4 4. Nxd4 g6 5. c4 Nf6 6. Nc3 Nxd4 7. Qxd4 d6 8. Be2 Bg7 9. Be3 0-0 10. Qd2 Be6 11. f3 Qa5 12. Rc1 Rfc8 13. b3 a6 14. Na4 Qxd2+ 15. Kxd2 Nd7 16. g4 Rc6 17. Nc3 Ne5 18. h3 f5 19. exf5 gxf5 20. f4 Nd7 21. Bf3 Bxc3+ 22. Rxc3 Rc7 23. Re1 Kf7 24. Bd4 Nc5 25. Rce3 Bc8 26. b4 Ne6 27. Bd5 1-0

[Event "Sabadell Coral Colon op 12th"]
[Site "Sabadell"]
[Date "2018.04.13"]
[Round "9"]
[White "Carbo Hors, David"]
[Black "Torralba Brosa, Marc"]
[Result "1-0"]
[WhiteElo "1773"]
[BlackElo "1795"]
[PlyCount "85"]
[EventDate "2018.02.09"]
[EventType "swiss"]
[EventRounds "9"]
[EventCountry "ESP"]
[SourceTitle "EXT 2019"]
[Source "ChessBase"]
[SourceDate "2018.10.10"]
[SourceVersion "1"]
[SourceVersionDate "2018.10.10"]
[SourceQuality "1"]

1. f4 c5 2. e4 Nc6 3. Nf3 g6 4. Bc4 Bg7 5. 0-0 e6 6. Nc3 Nge7 7. Qe1 0-0 8. d3 d5 9. Bb5 Nd4 10. Ba4 a6 11. f5 b5 12. Nxd4 Bxd4+ 13. Kh1 bxa4 14. f6 Nc6 15. Qh4 Kh8 16. Rf3 Nb8 17. Bh6 Bxf6 18. Qxf6+ Qxf6 19. Rxf6 Nd7 20. Rf2 Re8 21. Rxf7 Ne5 22. Bg7+ Kg8 23. Rc7 Nd7 24. Bh6 Rb8 25. exd5 exd5 26. Nxd5 Rxb2 27. Rxc8 Rxc8 28. Ne7+ Kf7 29. Nxc8 Rxc2 30. Nd6+ Ke6 31. Nc4 Re2 32. Bd2 Ne5 33. Nxe5 Rxd2 34. Nf3 Rxd3 35. h3 Kd5 36. Rc1 c4 37. Kg1 Rb3 38. Rc2 c3 39. Kf2 Kc4 40. Nd2+ Kb4 41. axb3 a3 42. Nb1 a2 43. Rxa2 1-0

[Event "Roncana op 11th"]
[Site "Santa Eulalia de Roncana"]
[Date "2017.10.07"]
[Round "3"]
[White "Torralba Brosa, Marc"]
[Black "Guix Torres, David"]
[Result "1/2-1/2"]
[WhiteElo "1811"]
[BlackElo "2047"]
[PlyCount "85"]
[EventDate "2017.09.23"]
[EventType "swiss"]
[EventRounds "8"]
[EventCountry "ESP"]
[SourceTitle "CBM 187 Extra"]
[Source "ChessBase"]
[SourceDate "2018.11.04"]
[SourceVersion "1"]
[SourceVersionDate "2018.11.04"]
[SourceQuality "1"]

1. e4 c5 2. Nc3 Nc6 3. Bb5 Nd4 4. Bc4 g6 5. Nf3 Bg7 6. Nxd4 cxd4 7. Qf3 e6 8. Nb5 d6 9. Qg3 Be5 10. f4 Bf6 11. 0-0 a6 12. Qa3 axb5 13. Qxa8 bxc4 14. Qa4+ Bd7 15. Qxc4 Bc6 16. f5 d5 17. exd5 Qxd5 18. Qxd5 Bxd5 19. fxe6 Bxe6 20. b3 d3 21. Rxf6 Nxf6 22. Bb2 dxc2 23. Rf1 0-0 24. Bxf6 Ra8 25. Rc1 Rxa2 26. b4 Bf5 27. Kf2 Ra6 28. Bc3 f6 29. g4 Be4 30. Ke3 Re6 31. Kd4 f5 32. gxf5 Bxf5 33. Kc5 Kf7 34. h4 Re2 35. d4 Ke6 36. d5+ Kd7 37. Bf6 Re3 38. Kb6 Rb3 39. Kc5 Rb1 40. Bg5 Rb3 41. Bf6 Rb1 42. Bg5 Rb3 43. Bf6 1/2-1/2

[Event "Badalona op-B 43rd"]
[Site "Badalona"]
[Date "2017.08.10"]
[Round "9"]
[White "Torralba Brosa, Marc"]
[Black "Martin Villanova, Jordi"]
[Result "0-1"]
[WhiteElo "1839"]
[BlackElo "1901"]
[PlyCount "72"]
[EventDate "2017.08.02"]
[EventType "swiss"]
[EventRounds "9"]
[EventCountry "ESP"]
[SourceTitle "EXT 2019"]
[Source "ChessBase"]
[SourceDate "2018.10.10"]
[SourceVersion "1"]
[SourceVersionDate "2018.10.10"]
[SourceQuality "1"]

1. e4 c5 2. Nf3 d6 3. d4 cxd4 4. Nxd4 Nf6 5. Nc3 a6 6. Be2 b5 7. a3 Bb7 8. f3 e6 9. Be3 Nbd7 10. Qd2 d5 11. exd5 Nxd5 12. Nxd5 Bxd5 13. 0-0 Bc5 14. b4 Ba7 15. a4 Ne5 16. axb5 Nc4 17. Bxc4 Bxc4 18. Rfd1 Bxb5 19. Nxb5 Qxd2 20. Nc7+ Ke7 21. Rxd2 Bxe3+ 22. Kf1 Bxd2 23. Nxa8 Rxa8 24. b5 a5 25. c4 Be3 26. Ke2 Bc5 27. Rb1 Kd6 28. Rd1+ Kc7 29. Kd3 Rd8+ 30. Kc2 Rxd1 31. Kxd1 Bd4 32. Kc2 a4 33. Kb1 Kb6 34. Ka2 Ka5 35. Ka3 Bc5+ 36. Kb2 Kb4 0-1

[Event "Badalona op-B 43rd"]
[Site "Badalona"]
[Date "2017.08.06"]
[Round "5"]
[White "Torralba Brosa, Marc"]
[Black "Aarav, Dengla"]
[Result "1-0"]
[WhiteElo "1839"]
[BlackElo "1433"]
[PlyCount "73"]
[EventDate "2017.08.02"]
[EventType "swiss"]
[EventRounds "9"]
[EventCountry "ESP"]
[SourceTitle "EXT 2019"]
[Source "ChessBase"]
[SourceDate "2018.10.10"]
[SourceVersion "1"]
[SourceVersionDate "2018.10.10"]
[SourceQuality "1"]

1. e4 e5 2. Nf3 Nf6 3. d4 Nxe4 4. Bd3 d5 5. Nxe5 Be7 6. Qe2 Nf6 7. 0-0 0-0 8. Nd2 Be6 9. f4 Bd6 10. Ndf3 Re8 11. Ng5 h6 12. Nxe6 Rxe6 13. c3 c5 14. Kh1 cxd4 15. cxd4 Qb6 16. Be3 Nc6 17. Qf2 Rf8 18. Rad1 Qa5 19. a3 Bxe5 20. fxe5 Ng4 21. Qf5 Rg6 22. Bg1 Qd8 23. e6 Ne7 24. exf7+ Kh8 25. Qf3 Nf6 26. Bxg6 Nxg6 27. Qg3 Kh7 28. Be3 Rxf7 29. Qh3 Qb6 30. Bg5 Ne4 31. Bxh6 Rxf1+ 32. Rxf1 gxh6 33. Qd7+ Ne7 34. Qxe7+ Kg6 35. Qf7+ Kg5 36. Rf5+ Kg4 37. Qh5# 1-0

[Event "Montcada op-B 25th"]
[Site "Montcada"]
[Date "2017.07.01"]
[Round "7"]
[White "Torralba Brosa, Marc"]
[Black "Morais Carreras, Javier"]
[Result "0-1"]
[WhiteElo "1852"]
[BlackElo "1925"]
[PlyCount "134"]
[EventDate "2017.06.26"]
[EventType "swiss"]
[EventRounds "9"]
[EventCountry "ESP"]
[SourceTitle "EXT 2018"]
[Source "ChessBase"]
[SourceDate "2017.10.13"]
[SourceVersion "1"]
[SourceVersionDate "2017.10.13"]
[SourceQuality "1"]

1. e4 e5 2. Nf3 Nf6 3. d4 Nxe4 4. Bd3 d5 5. Nxe5 Nd7 6. Qe2 Nxe5 7. Bxe4 dxe4 8. dxe5 Qd4 9. Nc3 Qxe5 10. Bd2 Bb4 11. 0-0-0 0-0 12. f4 Qa5 13. a3 Bxc3 14. Bxc3 Qf5 15. Be5 f6 16. Bxc7 Be6 17. g4 Qxg4 18. Qxe4 Rac8 19. Rhg1 Qf5 20. Qxf5 Bxf5 21. Rd5 Bxc2 22. Rd7 Rf7 23. Rd8+ Rf8 24. Rd7 Rf7 25. Rd8+ Rxd8 26. Bxd8 Bf5 27. Ba5 Re7 28. Bc3 Kf7 29. Re1 Rxe1+ 30. Bxe1 Kg6 31. Kd2 Kh5 32. Ke3 Kg4 33. h4 h6 34. b4 b5 35. Bf2 Kh3 36. Kf3 Bg4+ 37. Ke4 a6 38. Kd5 Kg2 39. Bc5 g5 40. hxg5 fxg5 41. Ke5 Be2 42. fxg5 hxg5 43. Kd6 g4 44. Kc6 g3 45. Kb6 Bd1 46. Kxa6 Ba4 47. Kb6 Kf1 48. Kc6 g2 49. Kd5 g1Q 50. Bxg1 Kxg1 51. Kd4 Kf2 52. Kc3 Ke3 53. Kb2 Kd3 54. Kb1 Kc3 55. Ka2 Kc2 56. Ka1 Kb3 57. Kb1 Kxa3 58. Ka1 Kxb4 59. Kb2 Kc4 60. Ka2 Kc3 61. Kb1 Bc2+ 62. Ka2 b4 63. Ka1 Bf5 64. Ka2 b3+ 65. Ka1 b2+ 66. Ka2 b1Q+ 67. Ka3 Qa1# 0-1

[Event "Montcada op-B 25th"]
[Site "Montcada"]
[Date "2017.06.27"]
[Round "2"]
[White "Torralba Brosa, Marc"]
[Black "Samrat, Ghorai"]
[Result "1-0"]
[WhiteElo "1852"]
[BlackElo "1938"]
[PlyCount "49"]
[EventDate "2017.06.26"]
[EventType "swiss"]
[EventRounds "9"]
[EventCountry "ESP"]
[SourceTitle "EXT 2018"]
[Source "ChessBase"]
[SourceDate "2017.10.13"]
[SourceVersion "1"]
[SourceVersionDate "2017.10.13"]
[SourceQuality "1"]

1. e4 c5 2. Nc3 Nc6 3. Bb5 Nd4 4. Bc4 g6 5. Nf3 Bg7 6. Nxd4 cxd4 7. Qf3 e6 8. Nb5 Be5 9. c3 dxc3 10. d4 a6 11. dxe5 axb5 12. Be2 cxb2 13. Bxb2 Qa5+ 14. Bc3 b4 15. Bd2 Qxe5 16. 0-0 Ra3 17. Bd3 Qd6 18. Rac1 Ne7 19. Qf6 Rg8 20. Bg5 Rc3 21. Rxc3 bxc3 22. Rc1 b5 23. e5 Qb4 24. a3 Qxa3 25. Rxc3 1-0

[Event "Montcada op-B 24th"]
[Site "Montcada"]
[Date "2016.07.01"]
[Round "7"]
[White "Torralba Brosa, Marc"]
[Black "Alcaraz Lopez, Francesco"]
[Result "0-1"]
[WhiteElo "1741"]
[BlackElo "1891"]
[PlyCount "108"]
[EventDate "2016.06.25"]
[EventType "swiss"]
[EventRounds "9"]
[EventCountry "ESP"]
[SourceTitle "EXT 2017"]
[Source "ChessBase"]
[SourceDate "2016.10.25"]
[SourceVersion "1"]
[SourceVersionDate "2016.10.25"]
[SourceQuality "1"]

1. e4 c5 2. Nf3 Nc6 3. d4 cxd4 4. Nxd4 Nf6 5. Nc3 g6 6. Be3 Bg7 7. Bc4 0-0 8. Bb3 e6 9. f3 d5 10. exd5 exd5 11. Qd2 Nxd4 12. Bxd4 Re8+ 13. Ne2 Qe7 14. Kf2 Bd7 15. Rhe1 Qd6 16. Kg1 Bc6 17. Nc3 Re6 18. Rxe6 fxe6 19. Re1 a6 20. Kh1 Re8 21. Bxf6 Bxf6 22. Ne4 Qf8 23. Nxf6+ Qxf6 24. c4 Rd8 25. Qe2 Kf7 26. Qe3 g5 27. Qb6 Rd7 28. cxd5 exd5 29. Rd1 Kg7 30. Qf2 d4 31. h3 d3 32. Bc4 Bb5 33. Bxb5 axb5 34. Qe3 Qf5 35. Kg1 h6 36. Kf2 Kf6 37. Qb6+ Kg7 38. Qe3 h5 39. Qd2 h4 40. Qc3+ Kg6 41. Qc8 Qf7 42. Qc3 Qd5 43. Rd2 Kf5 44. Qb4 b6 45. Qg4+ Kf6 46. Kf1 Rc7 47. Qb4 Qc4 48. Qf8+ Ke5 49. Qe8+ Kf4 50. Qe1 Rc5 51. Qd1 Rd5 52. Qe1 Qd4 53. Qc1 Qc5 54. Qd1 Qe3 0-1

[Event "Montcada op-B 24th"]
[Site "Montcada"]
[Date "2016.06.26"]
[Round "2"]
[White "Colom Andres, Xavier"]
[Black "Torralba Brosa, Marc"]
[Result "1/2-1/2"]
[WhiteElo "1906"]
[BlackElo "1741"]
[PlyCount "59"]
[EventDate "2016.06.25"]
[EventType "swiss"]
[EventRounds "9"]
[EventCountry "ESP"]
[SourceTitle "EXT 2017"]
[Source "ChessBase"]
[SourceDate "2016.10.25"]
[SourceVersion "1"]
[SourceVersionDate "2016.10.25"]
[SourceQuality "1"]

1. d4 Nf6 2. c4 g6 3. Nc3 d5 4. cxd5 Nxd5 5. e4 Nxc3 6. bxc3 Bg7 7. Bc4 c5 8. Ne2 Nc6 9. Be3 0-0 10. 0-0 Bg4 11. f3 Bd7 12. Qd2 Qa5 13. Bh6 Bxh6 14. Qxh6 cxd4 15. cxd4 Rac8 16. Bb3 Qb6 17. Rab1 Qa6 18. Qd2 e6 19. f4 Na5 20. Ng3 Nxb3 21. axb3 f5 22. d5 exd5 23. exf5 Bxf5 24. Nxf5 Rxf5 25. g4 Rf7 26. Qxd5 Qb6+ 27. Kg2 Qc6 28. Rbd1 Qxd5+ 29. Rxd5 Rc2+ 30. Kg3 1/2-1/2